Díszletvita a szabadtérin

Elmentve itt :
Bibliográfiai részletek
Szerző: Sulyok Erzsébet
Dokumentumtípus: Cikk
Megjelent: 1975-04-29
Sorozat:Délmagyarország 65 No. 99
Kulcsszavak:Szabadtéri Játékok
Online Access:http://dmarchiv.bibl.u-szeged.hu/122901
LEADER 00458nab a2200157 i 4500
001 delm122901
005 20190425123909.0
008 190425s1975 hu o 0|| hun d
040 |a SZTE Délmagyarország Archívum  |b hun 
041 |a hun 
100 1 |a Sulyok Erzsébet 
245 1 0 |a Díszletvita a szabadtérin  |h [elektronikus dokumentum] /  |c  Sulyok Erzsébet 
260 |c 1975-04-29 
300 |a 5 
490 0 |a Délmagyarország  |v 65 No. 99 
695 |a Szabadtéri Játékok